Manufacturing engineering and technology / (Record no. 594995)

000 -LEADER
fixed length control field 00390nam a22001457a 4500
020 ## - INTERNATIONAL STANDARD BOOK NUMBER
International Standard Book Number 9789810694067
040 ## - CATALOGING SOURCE
Transcribing agency SCME
082 ## - DEWEY DECIMAL CLASSIFICATION NUMBER
Classification number 670.42 K148M
100 ## - MAIN ENTRY--PERSONAL NAME
Personal name Serope Kalpakjian, Steven R. Schmid
9 (RLIN) 127771
245 ## - TITLE STATEMENT
Title Manufacturing engineering and technology /
Statement of responsibility, etc. Serope Kalpakjian
250 ## - EDITION STATEMENT
Edition statement 7th edition
260 ## - PUBLICATION, DISTRIBUTION, ETC.
Place of publication, distribution, etc. HongKong
Name of publisher, distributor, etc. Pearson
Date of publication, distribution, etc. 2014
300 ## - PHYSICAL DESCRIPTION
Extent 1166p.
942 ## - ADDED ENTRY ELEMENTS (KOHA)
Source of classification or shelving scheme
Koha item type Book
Holdings
Withdrawn status Lost status Source of classification or shelving scheme Damaged status Not for loan Permanent Location Current Location Shelving location Date acquired Full call number Barcode Date last seen Price effective from Koha item type
          School of Chemical & Materials Engineering (SCME) School of Chemical & Materials Engineering (SCME) Book Cart 06/23/2023 670.42 K148M SCME-4847 06/23/2023 06/23/2023 Book
© 2023 Central Library, National University of Sciences and Technology. All Rights Reserved.